Býk nebo medvěd? Index Q-100 dokazuje, že máte-li kvalitu, dobudete trh

Rozvíjanie prístupu k určovaniu kvality manažmentu spoločnosťou Robinson Capital Management. Index Q-100 je zložený z približne 100 z 500 spoločností, z ktorých sa počíta index S&P. Použitie indexu S&P 500 ako meradla. Baldrigeov model bol všeobecne prijatý ako základ pre programy oceňovania kvality...

Ausführliche Beschreibung

Gespeichert in:
Bibliographische Detailangaben
1. Verfasser: George, Stephen
Format: Buchkapitel
Sprache:Tschechisch
Schlagworte:
Tags: Tag hinzufügen
Keine Tags, Fügen Sie das erste Tag hinzu!

MARC

LEADER 00000naa a2200000 4500
001 r046926
005 20230524134640.3
041 0 |a cze 
044 |a CZ 
245 1 0 |a Býk nebo medvěd? Index Q-100 dokazuje, že máte-li kvalitu, dobudete trh  |c Stephen George 
520 |a Rozvíjanie prístupu k určovaniu kvality manažmentu spoločnosťou Robinson Capital Management. Index Q-100 je zložený z približne 100 z 500 spoločností, z ktorých sa počíta index S&P. Použitie indexu S&P 500 ako meradla. Baldrigeov model bol všeobecne prijatý ako základ pre programy oceňovania kvality vo viac než 40 amerických štátoch a desiatkach iných krajín. Tabuľka spoločností z indexu Q-100. Dôkazy podporujúce teóriu o Q-100. 
610 2 0 |a kvalita 
610 2 0 |a manažment 
610 2 0 |a riadenie kvality 
610 2 0 |a spoločnosti investičné 
610 2 0 |a indexy 
610 2 0 |a investície 
610 2 0 |a výnosy 
610 2 0 |a modely 
610 2 0 |a oceňovanie 
100 1 |a George, Stephen